Tribhuvan University Central Library

Technology in your world (Record no. 7558)

MARC details
000 -LEADER
fixed length control field 004050000a22001810004500
082 ## - DEWEY DECIMAL CLASSIFICATION NUMBER
Classification number 600
Item number H115t
041 ## - LANGUAGE CODE
Language code of text/sound track or separate title Eng
100 ## - MAIN ENTRY--PERSONAL NAME
Personal name Hacker, Michael
100 ## - MAIN ENTRY--PERSONAL NAME
Personal name Barden, Robert A.
245 ## - TITLE STATEMENT
Title Technology in your world
260 ## - PUBLICATION, DISTRIBUTION, ETC. (IMPRINT)
Place of publication, distribution, etc New York
Name of publisher, distributor, etc Delmar Publishers
260 ## - PUBLICATION, DISTRIBUTION, ETC. (IMPRINT)
Date of publication, distribution, etc 1987
300 ## - PHYSICAL DESCRIPTION
Extent xiv, 427p.
Other physical details photos
530 ## - ADDITIONAL PHYSICAL FORM AVAILABLE NOTE
Additional physical form available note M
650 ## - SUBJECT ADDED ENTRY--TOPICAL TERM
Topical term or geographic name as entry element Technology
650 ## - SUBJECT ADDED ENTRY--TOPICAL TERM
Topical term or geographic name as entry element Applied sciences
942 ## - ADDED ENTRY ELEMENTS (KOHA)
Koha item type General Collections

No items available.